<?xml version="1.0" encoding="UTF-8"?><?xml-stylesheet type="text/xsl" href="static/style.xsl"?><OAI-PMH xmlns="http://www.openarchives.org/OAI/2.0/" xmlns:xsi="http://www.w3.org/2001/XMLSchema-instance" xsi:schemaLocation="http://www.openarchives.org/OAI/2.0/ http://www.openarchives.org/OAI/2.0/OAI-PMH.xsd"><responseDate>2026-04-17T20:23:20Z</responseDate><request verb="GetRecord" identifier="oai:www.recercat.cat:10459.1/465222" metadataPrefix="marc">https://recercat.cat/oai/request</request><GetRecord><record><header><identifier>oai:recercat.cat:10459.1/465222</identifier><datestamp>2025-09-15T18:42:52Z</datestamp><setSpec>com_2072_3622</setSpec><setSpec>col_2072_479130</setSpec></header><metadata><record xmlns="http://www.loc.gov/MARC21/slim" xmlns:dcterms="http://purl.org/dc/terms/" xmlns:xsi="http://www.w3.org/2001/XMLSchema-instance" xmlns:doc="http://www.lyncode.com/xoai" xsi:schemaLocation="http://www.loc.gov/MARC21/slim http://www.loc.gov/standards/marcxml/schema/MARC21slim.xsd">
   <leader>00925njm 22002777a 4500</leader>
   <datafield ind2=" " ind1=" " tag="042">
      <subfield code="a">dc</subfield>
   </datafield>
   <datafield ind2=" " ind1=" " tag="720">
      <subfield code="a">Ortiz Hernández, Eimys</subfield>
      <subfield code="e">author</subfield>
   </datafield>
   <datafield ind2=" " ind1=" " tag="260">
      <subfield code="c">2023</subfield>
   </datafield>
   <datafield ind2=" " ind1=" " tag="520">
      <subfield code="a">El 11 de julio de 2021, por primera vez desde el Triunfo de la Revolución, ciudadanos cubanos salieron a las calles al grito de “Patria y vida” o “Tenemos hambre”. A pesar de la dura represión, la comunidad internacional optó por un enfoque pragmático alejado de las pretensiones del activismo cubano. De modo que el presente trabajo analiza la respuesta jurídica de las autoridades destinada a apuntalar las sistemáticas violaciones de derechos humanos y libertades fundamentales. Asimismo, se expone la reacción de Washington y de Bruselas que comparten un hilo conductor: la garantía de sus intereses ya sea debido a la cuestión migratoria o a la presencia de empresas en el país.</subfield>
   </datafield>
   <datafield ind2=" " ind1=" " tag="520">
      <subfield code="a">On July 11, 2021, for the first time since the Triumph of the Revolution, Cuban citizens went on streets shouting “Homeland and life” or “We are hungry.” Despite the harsh repression, the international community opted for a pragmatic approach far from
the pretensions of Cuban activism. Thus, this paper analyses the legal response of the authorities aimed at underpinning the systematic violations of human rights and fundamental freedoms. It also examines the reaction of Washington and Brussels, which
share a common core: the guarantee of their interests, whether due to the migration issue or the presence of companies in the country.</subfield>
   </datafield>
   <datafield tag="653" ind2=" " ind1=" ">
      <subfield code="a">Cuba</subfield>
   </datafield>
   <datafield tag="653" ind2=" " ind1=" ">
      <subfield code="a">UE</subfield>
   </datafield>
   <datafield tag="653" ind2=" " ind1=" ">
      <subfield code="a">Represión</subfield>
   </datafield>
   <datafield tag="653" ind2=" " ind1=" ">
      <subfield code="a">11 de julio</subfield>
   </datafield>
   <datafield tag="653" ind2=" " ind1=" ">
      <subfield code="a">Protesta</subfield>
   </datafield>
   <datafield ind2="0" ind1="0" tag="245">
      <subfield code="a">La agudización de la represión estructural en Cuba a raíz de las protestas de julio de 2021</subfield>
   </datafield>
   <datafield ind2="0" ind1="0" tag="245">
      <subfield code="a">The intensification of structural repression in Cuba in the wake of the July 2021 protests</subfield>
   </datafield>
</record></metadata></record></GetRecord></OAI-PMH>